000 00310nam a2200109Ia 4500
008 201223s9999 xx 000 0 und d
100 _aGhosh, A.
245 0 _a(The) City in early historical India
260 _aNew Delhi
_bIndian Institute of Advanced Studies & Munshiram Manoharlal
300 _a98
942 _cBK
999 _c8521
_d8521